LEADER 04351oam 22006852 450 001 9910767700903321 005 20260304110042.0 010 $a9781003835769 010 $a1003835767 010 $a9781032466248 010 $a1032466243 010 $a9781003382607 010 $a1003382606 024 7 $a10.4324/9781003382607 035 $a(CKB)29310494000041 035 $a(MiAaPQ)EBC31727526 035 $a(OCoLC)1407097098 035 $a(OCoLC-P)1407097098 035 $a(FlBoTFG)9781003382607 035 $a(ODN)ODN0010330688 035 $a(EXLCZ)9929310494000041 100 $a20230919d2024 uy 0 101 0 $aeng 135 $aur||||||||||| 181 $ctxt$2rdacontent 182 $cc$2rdamedia 183 $acr$2rdacarrier 200 00$aDispossession $eanthropological perspectives on Russia's war against Ukraine /$fedited by Catherine Wanner 210 $d2023 210 1$aNew York :$cRoutledge,$d2024. 215 $a1 online resource 225 0 $aAnthropology of now 311 08$a9781032466224 311 08$a1032466227 327 $aThe time that was taken from us: temporal experiences after the full-scale Russian invasion of Ukraine / Natalia Otrishchenko -- The emotional and behavioral consequences of the Russian invasion of Ukraine for the civilian population of Ukraine / Valentyna Pavlenko -- Population displacement and the Russian occupation of Crimea: "never again" becomes "again and again" / Greta Uehling -- No longer a citizen: dispossession in Eastern Ukraine / Oleksandra Tarkhanova -- Fragmented lives, fragmented histories in Odesa / Marina Sapritsky-Nahum -- Faith and war: grassroots Ukrainian Protestantism in the context of the Russian invasion / Tatiana Vagramenko -- Memes as antibodies: creativity and resilience in the face of Russia's war / Laada Bilaniuk -- "Russian warship, Go f*ck yourself": circulating social media discourses in the Russia-Ukraine war / Bridget Goodman -- Responses to dispossession: self-organization and the state / Emily Channell-Justice -- Women and gender equality in the Ukrainian Armed Forces / Tamara Martsenyuk -- Meeting the other: peacekeeping and religious actors in a time of war / Tetiana Kalenychenko 330 $a"This volume examines Russia's war on Ukraine. Scholars who have lived through the Russian invasion or who have conducted ethnographic research in the region for decades provide timely analysis of a war that will leave a lasting mark on the 21st century. Using the concept of dispossession, this volume showcases some of the novel ways violence operates in this war and the multiple means by which civilians, within the conflict zone and beyond, have become active participants in the war effort. Anthropological perspectives on war provide on-the-ground insight, historically informed analysis, and theoretical engagement to depict the experiences of dispossession by war and the motivations that drive the responses of the dispossessed. Such perspectives humanize the victims even as they depict the very inhumanity of war. Dispossession is geared towards upper-level undergraduate and graduate students, scholars, and the general reader who seeks to have a deeper understanding of the Russian-Ukrainian war as it continues to impact geopolitics more broadly"--$cProvided by publisher. 606 $aRusso-Ukrainian War, 2014-$xSocial aspects 606 $aCivilians in war$zUkraine 606 $aWar victims$zUkraine 606 $aAnthropology and history 606 $aRussian Invasion of Ukraine, 2022$xSocial aspects 606 $aSOCIAL SCIENCE / Anthropology / General$2bisacsh 606 $aSOCIAL SCIENCE / Anthropology / Cultural$2bisacsh 615 0$aRusso-Ukrainian War, 2014-$xSocial aspects. 615 0$aCivilians in war 615 0$aWar victims 615 0$aAnthropology and history. 615 0$aRussian Invasion of Ukraine, 2022$xSocial aspects. 615 7$aSOCIAL SCIENCE / Anthropology / General 615 7$aSOCIAL SCIENCE / Anthropology / Cultural 676 $a947.7086 686 $aSOC002000$aSOC002010$2bisacsh 700 $aWanner$b Catherine$01020656 702 $aWanner$b Catherine$f1960- 801 0$bOCoLC-P 801 1$bOCoLC-P 906 $aBOOK 912 $a9910767700903321 996 $aDispossession$94551759 997 $aUNINA